Central Library and Information Centre
Sibsagar Girls' College, Sivasagar : Assam

HIGHER SECONDARY QUESTION BANK IN BIOLOGY (For XI) (Record no. 10681)

MARC details
000 -LEADER
fixed length control field 00547cam a2200205ua 4500
008 - FIXED-LENGTH DATA ELEMENTS--GENERAL INFORMATION
fixed length control field 160314n II |||gr||||Z||||||eng
040 ## - CATALOGING SOURCE
Original cataloging agency MAIN
041 ## - LANGUAGE CODE
-- English
082 ## - DEWEY DECIMAL CLASSIFICATION NUMBER
Classification number 580 RAJ
100 ## - MAIN ENTRY--PERSONAL NAME
Personal name RAJKHOWA, R.C.
245 ## - TITLE STATEMENT
Title HIGHER SECONDARY QUESTION BANK IN BIOLOGY (For XI)
250 ## - EDITION STATEMENT
Edition statement REP.
260 ## - PUBLICATION, DISTRIBUTION, ETC.
Place of publication, distribution, etc. NEW DELHI
Name of publisher, distributor, etc. S.CHAND & COMPANY
Date of publication, distribution, etc. 2006.
300 ## - PHYSICAL DESCRIPTION
Extent 384:
Dimensions 20CM.
500 ## - GENERAL NOTE
General note Transferred to Sanaskriti Junior College, SGC
700 ## - ADDED ENTRY--PERSONAL NAME
Personal name RAJKHOWA, R.C.,
Relator term Author.
942 ## - ADDED ENTRY ELEMENTS (KOHA)
Koha item type Books
653 ## - INDEX TERM--UNCONTROLLED
Uncontrolled term Plants (Botany)
Holdings
Withdrawn status Lost status Damaged status Not for loan Collection code Home library Current library Shelving location Date acquired Full call number Barcode Date last seen Copy number Price effective from Koha item type
Withdrawn       REFBOT Central Library and Information Centre Sibsagar Girls College Central Library and Information Centre Sibsagar Girls College Staff Office 18.03.1987 580 RAJ 09243 27.02.2020 1 27.02.2020 Books


Sibsagar Girl's College © 2020. All rights reserved.
Powered by Koha.
Maintained by Abhijit Borpuzari.